00388ntaaa2200145 45000030003000000050017000030080021000200400037000410820017000781000022000952450047001172500054001643000011002186500013002290120251027202445.00714s1973 ag 01  aAR-BaBNbspacAR-BaBNeaacrdRIC a266.0900 V42 aVaretto, Juan C.  aHéroes y mártires de la obra misionera a1 ed. : bJunta Bautista de Publicaciones, cc917 a216 p. aMisiones